000
00293nam a22001337a 4500
008
190129b xxu||||| |||| 00| 0 eng d
020
_a
9780072830705
041
_a
eng
080
_a
371
100
_a
25
101
_a
EDU
245
_a
Improving Reading Skills
_c
Spears, D
942
_2
udc
_c
BK
999
_c
53898
_d
53898